| 000 | 00726nam a2200241 a 4500 | ||
|---|---|---|---|
| 008 | |||
| 020 | _a0810456265 (cased) | ||
| 049 | _aMAIN | ||
| 090 | _aQA76.8.A662 | ||
| 100 | 1 | _aCoan, James S. | |
| 245 | 1 | 0 |
_aBasic Apple BASIC / _cJames S. Coan. |
| 260 |
_aRochelle Park, NJ. : _bHayden Books, _cc1982. |
||
| 300 |
_a237 p. : _bill. ; _c25 cm. |
||
| 504 | _aIncludes bibliographical references : p. 232. | ||
| 500 | _aIncludes index. | ||
| 650 | 0 |
_aApple II (Computer) _xProgramming. |
|
| 650 | 0 | _aBASIC (Computer program language). | |
| 907 |
_a.b10033191 _b26-09-03 _c17-04-03 |
||
| 003 | |||
| 005 | 20230123133154.0 | ||
| 040 | _cNUST | ||
| 942 |
_cBOOKS _kQA76.8.A662 |
||
| 999 |
_c143976 _d143976 |
||